| 000 | 01119cam a2200325 4500 | ||
|---|---|---|---|
| 008 | 090401t1996 xxu||||| |||| 00| 0 eng d | ||
| 020 | _a0854067698 | ||
| 035 | _a(Sirsi) u65470 | ||
| 041 | _aeng | ||
| 050 | _a333.332 | ||
| 090 | _aRICS 1996/51ABCD | ||
| 110 |
_aRoyal Institution of Chartered Surveyors _94900 |
||
| 245 | _aLending on business property and development land : the appraisal and valuation service. | ||
| 260 |
_aLondon _bRICS _c1996 |
||
| 300 | _a29p. ; 30cm. | ||
| 350 | _a9.95 | ||
| 490 | _aRICS Guidance Note | ||
| 520 | _aBased on material from the RICS Appraisal and Valuation Manual. The contents applying to appraisal and valuation for secured lending were produced in discussion with the British Bankers` Association. | ||
| 650 | _aAPPRAISAL AND VALUATION MANUAL | ||
| 650 | _aBANKING | ||
| 650 | _aBRITISH BANKERS ASSOCIATION | ||
| 650 | _aPROPERTY-COMMERCIAL PROPERTY | ||
| 650 | _aCONTAMINATED LAND | ||
| 650 | _aDEVELOPMENT LAND | ||
| 650 | _aGUIDANCE NOTES | ||
| 650 | _aSECURED LENDING | ||
| 690 | _aRATING AND VALUATION | ||
| 942 | _n0 | ||
| 948 | _c04/03/1997 | ||
| 999 |
_c94766 _d94766 |
||